| 000 | 00808cab a2200241 4500 | ||
|---|---|---|---|
| 001 | L135837 | ||
| 008 | 061213n2006 000 0 eng u | ||
| 035 | _a(Sirsi) u135837 | ||
| 041 | 0 | _aeng | |
| 100 | 1 | _aChesters, Laura | |
| 245 | 0 | 0 | _aRetail and Leisure |
| 260 | _c2006 | ||
| 490 | 0 |
_aProperty Week _v71(44) November 2006 Supplement, 1-59(22) |
|
| 520 | _aToplands deal with Marks and Spencer. How gym chain consolidation affects leisure property. Predictions of oversupply in shopping centre space. Future predictions from retail developers. | ||
| 590 | _aKA | ||
| 651 | 4 |
_aUnited Kingdom _y |
|
| 690 | _aPROPERTY-COMMERCIAL PROPERTY-COMMERCIAL PROPERTY MARKET | ||
| 700 | 1 | _aEade, Christine | |
| 700 | 1 | _aCourt, Yvonne | |
| 700 | 1 | _aPhillips, Mark | |
| 700 | 1 | _aGoldie, Anna | |
| 942 | _n0 | ||
| 999 |
_c78028 _d78028 |
||